000 00879nam a22002537a 4500
003 OSt
005 20241025150151.0
008 241025b |||||||| |||| 00| 0 sp d
040 _acunsuroc
_besp
_cana
_dana
082 _21a. ed.
_a301.3 K685
_b1
100 _aKneese, Allen V.
_910331
245 _aEcología y contaminación:
_bFormas de cooperación internacional
_cKneese, Allen V.
_hFísico
250 _a1a. ed.
260 _aBuenos Aires:
_bMarymar,
_c1971.
300 _a361p. ;
_bColección Urbanismo y Ecología, 6
_c23cm.
365 _b1
_d2.00
_jar
650 _2Ecología Humana
650 _2Contaminación
700 _aKneese, Allen V. comp.
_910332
700 _aRolfe, Sidney E. comp.
_910333
700 _aHarned, Joseph W.
_910334
700 _aSánchez Paya, Aymará F. de, trad.
_910335
942 _2ddc
_cBK
_e1a. ed.
_h301.3 K685
_n0
999 _c3998
_d3998